[Event "BRA-ch U26"]
[Site "Joinville"]
[Date "2023.10.13"]
[Round "6"]
[White "De Souza Sa, Apolo"]
[Black "Valcarcel, Victor Ignacio Sant"]
[Result "0-1"]
[WhiteElo "1903"]
[BlackElo "1867"]
[PlyCount "42"]
[EventDate "2023.10.09"]
[EventType "swiss"]
[EventRounds "6"]
[EventCountry "BRA"]
[SourceTitle "Mega2024 Update 01"]
[Source "Chessbase"]
[SourceDate "2023.11.12"]
[SourceVersion "1"]
[SourceVersionDate "2023.11.12"]
[SourceQuality "1"]

1. e4 e5 2. Nf3 Nc6 3. Bc4 Bc5 4. c3 Nf6 5. d4 exd4 6. b4 Bb6 7. e5 d5 8. exf6 dxc4 9. Qe2+ Be6 10. fxg7 Rg8 11. b5 d3 12. Qe4 Ne7 13. Qxh7 Qd5 14. 0-0 0-0-0 15. Bg5 Bf5 16. Qh6 Rd6 17. Qh5 Ng6 18. Qh7 f6 19. g4 Bxg4 20. Bh4 Nxh4 21. Nxh4 Rd7 0-1

[Event "Florianopolis op 8th"]
[Site "Florianopolis"]
[Date "2022.01.30"]
[Round "10"]
[White "Valcarcel, Victor Ignacio Sant"]
[Black "Da Cunha, Gastao"]
[Result "0-1"]
[WhiteElo "1893"]
[BlackElo "1602"]
[PlyCount "50"]
[EventDate "2022.01.24"]
[EventType "swiss"]
[EventRounds "10"]
[EventCountry "BRA"]
[SourceTitle "EXT 2023"]
[Source "ChessBase"]
[SourceDate "2022.10.05"]
[SourceVersion "1"]
[SourceVersionDate "2022.10.05"]
[SourceQuality "1"]

1. e4 e6 2. Nc3 d5 3. Nf3 dxe4 4. Nxe4 Nd7 5. d4 Be7 6. Bf4 Ngf6 7. Ng3 b6 8. Bc4 Bb7 9. 0-0 0-0 10. Re1 c5 11. c3 Nd5 12. Qd2 Rc8 13. Bb3 cxd4 14. Nxd4 Nxf4 15. Qxf4 e5 16. Rxe5 Nxe5 17. Qxe5 Bf6 18. Qf4 Bxd4 19. cxd4 Bd5 20. Bxd5 Qxd5 21. Nf5 Qe6 22. d5 Qf6 23. d6 Rc5 24. Ne7+ Kh8 25. Qd2 Rd8 0-1

[Event "BRA-ch 87th"]
[Site "Cuiaba"]
[Date "2021.11.02"]
[Round "9"]
[White "Bisesar, Maycon da Costa"]
[Black "Valcarcel, Victor Ignacio Sant"]
[Result "1/2-1/2"]
[WhiteElo "1742"]
[BlackElo "1879"]
[PlyCount "70"]
[EventDate "2021.10.28"]
[EventType "swiss"]
[EventRounds "11"]
[EventCountry "BRA"]
[SourceTitle "CBM 205 Extra"]
[Source "ChessBase"]
[SourceDate "2022.01.31"]
[SourceVersion "1"]
[SourceVersionDate "2022.01.31"]
[SourceQuality "1"]

1. d4 Nf6 2. c4 g6 3. Nc3 d5 4. cxd5 Nxd5 5. g3 Bg7 6. Bg2 Nxc3 7. bxc3 c5 8. e3 0-0 9. Ne2 Nc6 10. 0-0 Rb8 11. Ba3 cxd4 12. cxd4 Qa5 13. Qc1 Bd7 14. Qc5 Qa6 15. Nf4 b6 16. Qc1 Rbc8 17. Qb2 Rfe8 18. Nd5 e5 19. Nb4 Nxb4 20. Bxb4 exd4 21. exd4 Re2 22. Qa3 Bb5 23. Qxa6 Bxa6 24. Rfd1 Rc4 25. a3 Bxd4 26. Rxd4 Rxd4 27. Bf1 Ra2 28. Rxa2 Rd1 29. Kg2 Bxf1+ 30. Kf3 Rd3+ 31. Ke4 f5+ 32. Ke5 Kf7 33. Rd2 a5 34. Rxd3 Bxd3 35. Bd2 Be4 1/2-1/2

[Event "BRA-ch 87th"]
[Site "Cuiaba"]
[Date "2021.10.29"]
[Round "3"]
[White "Valcarcel, Victor Ignacio Sant"]
[Black "Federzoni, Enzo"]
[Result "0-1"]
[WhiteElo "1879"]
[BlackElo "2215"]
[PlyCount "88"]
[EventDate "2021.10.28"]
[EventType "swiss"]
[EventRounds "11"]
[EventCountry "BRA"]
[SourceTitle "CBM 205 Extra"]
[Source "ChessBase"]
[SourceDate "2022.01.31"]
[SourceVersion "1"]
[SourceVersionDate "2022.01.31"]
[SourceQuality "1"]

1. e4 c5 2. Nf3 d6 3. d4 cxd4 4. Nxd4 Nf6 5. Nc3 a6 6. Be3 e5 7. Nf3 Be7 8. Bc4 Nc6 9. Qd2 Na5 10. Bd5 0-0 11. 0-0 Bg4 12. Na4 Nxd5 13. Qxd5 Be6 14. Bb6 Bxd5 15. Bxd8 Rfxd8 16. exd5 Rac8 17. Rac1 b5 18. Nb6 Rb8 19. b4 Rxb6 20. bxa5 Rb7 21. c4 b4 22. g3 f6 23. Nd2 Rc8 24. Rc2 f5 25. Nb3 Rbc7 26. Rfc1 Bg5 27. f4 exf4 28. Re1 Rxc4 29. Re8+ Rxe8 30. Rxc4 fxg3 31. hxg3 Re4 32. Rc6 Re2 33. Kf1 Rxa2 34. Rxd6 Ra3 35. Nd4 b3 36. Rb6 Rxa5 37. Nxf5 Rxd5 38. Rb8+ Kf7 39. Rb7+ Kg6 40. g4 Rd3 41. Rxg7+ Kf6 42. Rb7 h5 43. Ng7 hxg4 44. Ke1 Kg6 0-1

[Event "Goiania Regional Centro Oeste"]
[Site "Goiania"]
[Date "2019.11.30"]
[Round "4"]
[White "Santos, Luciano da Silva"]
[Black "Valcarcel, Victor Ignacio Sant"]
[Result "0-1"]
[WhiteElo "1906"]
[BlackElo "1856"]
[PlyCount "72"]
[EventDate "2019.11.29"]
[EventType "swiss"]
[EventRounds "6"]
[EventCountry "BRA"]
[SourceTitle "EXT 2021"]
[Source "ChessBase"]
[SourceDate "2020.10.23"]
[SourceVersion "1"]
[SourceVersionDate "2020.10.23"]
[SourceQuality "1"]

1. e4 e5 2. Nf3 Nc6 3. Bc4 Be7 4. a4 Nf6 5. d3 0-0 6. 0-0 d5 7. exd5 Nxd5 8. h3 Bf6 9. Nbd2 g6 10. Re1 a6 11. Nf1 Rb8 12. Bh6 Re8 13. Qd2 Be6 14. Ng3 Nf4 15. Bxf4 Bxc4 16. dxc4 exf4 17. Rxe8+ Qxe8 18. Qxf4 Bxb2 19. Rb1 Be5 20. Nxe5 Qxe5 21. Qxe5 Nxe5 22. c5 Nd7 23. c6 bxc6 24. Rxb8+ Nxb8 25. Kf1 f5 26. Ke2 Nd7 27. Kd3 Nc5+ 28. Kc4 Nxa4 29. Kb4 Nb2 30. Ka5 Kf7 31. Kxa6 Ke7 32. Ne2 Nd1 33. f3 Ne3 34. g4 fxg4 35. fxg4 Nxc2 36. Ng3 Ne3 0-1

[Event "Goiania Regional Centro Oeste"]
[Site "Goiania"]
[Date "2019.11.29"]
[Round "1"]
[White "Valcarcel, Victor Ignacio Sant"]
[Black "Evangelista, Fabio Soares"]
[Result "1-0"]
[WhiteElo "1856"]
[BlackElo "1047"]
[PlyCount "35"]
[EventDate "2019.11.29"]
[EventType "swiss"]
[EventRounds "6"]
[EventCountry "BRA"]
[SourceTitle "EXT 2021"]
[Source "ChessBase"]
[SourceDate "2020.10.23"]
[SourceVersion "1"]
[SourceVersionDate "2020.10.23"]
[SourceQuality "1"]

1. e4 e5 2. Bc4 Nf6 3. d3 d6 4. Nc3 Be7 5. f4 0-0 6. Nf3 c6 7. fxe5 dxe5 8. Nxe5 Nbd7 9. Bf4 Nxe5 10. Bxe5 Bb4 11. 0-0 Re8 12. Bxf6 gxf6 13. Qh5 Be6 14. Rf3 Bxc4 15. Rg3+ Kh8 16. Rh3 Kg7 17. Qh6+ Kg8 18. Rg3+ 1-0

[Event "Brasilia Brasiliense-ch"]
[Site "Brasilia"]
[Date "2019.10.26"]
[Round "8"]
[White "De Siqueira, Luigy Lira"]
[Black "Valcarcel, Victor Ignacio Sant"]
[Result "1-0"]
[WhiteElo "1939"]
[BlackElo "1949"]
[PlyCount "35"]
[EventDate "2019.10.17"]
[EventType "tourn"]
[EventRounds "11"]
[EventCountry "BRA"]
[SourceTitle "CBM 192 Extra"]
[Source "Chessbase"]
[SourceDate "2019.11.06"]
[SourceVersion "1"]
[SourceVersionDate "2019.11.06"]
[SourceQuality "1"]

1. e4 g6 2. d4 Bg7 3. Nc3 d6 4. Be3 Nd7 5. Qd2 e5 6. Nf3 Ngf6 7. 0-0-0 exd4 8. Nxd4 0-0 9. f3 a6 10. Bh6 b5 11. h4 Ne5 12. h5 Nxh5 13. Bxg7 Kxg7 14. g4 Nf6 15. Qh6+ Kg8 16. Nd5 Re8 17. g5 Nh5 18. Rxh5 1-0

[Event "BRA-ch sf1"]
[Site "Brasilia"]
[Date "2019.06.08"]
[Round "2"]
[White "De Siqueira, Luigy Lira"]
[Black "Valcarcel, Victor Ignacio Sant"]
[Result "0-1"]
[WhiteElo "1916"]
[BlackElo "1881"]
[PlyCount "94"]
[EventDate "2019.06.07"]
[EventType "swiss"]
[EventRounds "5"]
[EventCountry "BRA"]
[SourceTitle "CBM 190 Extra"]
[Source "ChessBase"]
[SourceDate "2019.07.15"]
[SourceVersion "1"]
[SourceVersionDate "2019.07.15"]
[SourceQuality "1"]

1. e4 e6 2. d4 d5 3. Nc3 Nf6 4. Bg5 Be7 5. e5 Nfd7 6. h4 c5 7. Nb5 f6 8. Bd3 a6 9. Qh5+ Kf8 10. Nh3 axb5 11. Nf4 Nxe5 12. dxe5 fxg5 13. Ng6+ hxg6 14. Qxh8+ Kf7 15. Qh7 Ke8 16. Bxb5+ Nc6 17. Qxg6+ Kd7 18. c3 Qa5 19. a4 gxh4 20. Rh3 Qxb5 21. axb5 Rxa1+ 22. Ke2 Nxe5 23. Qxg7 Kd6 24. Qh8 Ra8 25. g3 hxg3 26. Rxg3 Nf7 27. Qh5 Nd8 28. f4 Ra2 29. Qe5+ Kd7 30. c4 Nf7 31. Qe3 d4 32. Qb3 Ra1 33. b6 Nd6 34. Rg6 Ra6 35. Rh6 Kc6 36. Rh7 Bd8 37. Rg7 Ra1 38. Rh7 Rg1 39. Qa4+ Kxb6 40. b4 Nxc4 41. bxc5+ Kxc5 42. Rh5+ e5 43. fxe5 Bg4+ 44. Kf2 Bxh5 45. Kxg1 d3 46. Qd7 d2 47. Qc8+ Kb4 0-1

[Event "Brasilia LBX Cup 05"]
[Site "Brasilia"]
[Date "2019.05.19"]
[Round "5"]
[White "Valcarcel, Victor Ignacio Sant"]
[Black "Felix, Raimundo Nascimento"]
[Result "1-0"]
[WhiteElo "1843"]
[BlackElo "1997"]
[PlyCount "89"]
[EventDate "2019.05.16"]
[EventType "swiss"]
[EventRounds "6"]
[EventCountry "BRA"]
[SourceTitle "CBM 190 Extra"]
[Source "ChessBase"]
[SourceDate "2019.07.15"]
[SourceVersion "1"]
[SourceVersionDate "2019.07.15"]
[SourceQuality "1"]

1. e4 c5 2. Nf3 d6 3. Be2 Nf6 4. c3 Bd7 5. Qc2 e5 6. 0-0 Bc6 7. d3 Be7 8. b4 b6 9. a4 Nbd7 10. b5 Bb7 11. Nbd2 0-0 12. Bb2 Rc8 13. Nc4 Qc7 14. Ne3 g6 15. c4 Nh5 16. g3 Qd8 17. a5 Ng7 18. a6 Ba8 19. Nd2 Ne6 20. Bg4 h5 21. Bh3 Ng5 22. Bg2 Ne6 23. Bh3 Bg5 24. Bxe6 fxe6 25. Rae1 d5 26. Ng2 Qc7 27. Bc1 Rf7 28. exd5 exd5 29. d4 Kg7 30. dxe5 Nxe5 31. f4 Nxc4 32. Nxc4 Bf6 33. Ne5 Bxe5 34. Rxe5 Rd8 35. Rg5 Rd6 36. f5 d4 37. Bf4 Qd8 38. Nh4 d3 39. Qc3+ Rd4 40. Be5+ Kg8 41. Rxg6+ Kh7 42. Qd2 Qf8 43. Qg5 Rxh4 44. gxh4 Rxf5 45. Rg7+ 1-0

[Event "BRA-ch U18"]
[Site "Juiz de Fora"]
[Date "2019.04.20"]
[Round "4"]
[White "Valcarcel, Victor Ignacio Sant"]
[Black "Federzoni, Enzo"]
[Result "0-1"]
[WhiteElo "1825"]
[BlackElo "2041"]
[PlyCount "54"]
[EventDate "2019.04.18"]
[EventType "swiss"]
[EventRounds "6"]
[EventCountry "BRA"]
[SourceTitle "CBM 190 Extra"]
[Source "ChessBase"]
[SourceDate "2019.07.15"]
[SourceVersion "1"]
[SourceVersionDate "2019.07.15"]
[SourceQuality "1"]

1. e4 c5 2. Nf3 e6 3. d4 cxd4 4. Nxd4 Nf6 5. Nc3 d6 6. Be3 a6 7. Be2 Be7 8. f4 0-0 9. 0-0 Nc6 10. Kh1 Qc7 11. Qe1 Nxd4 12. Bxd4 b5 13. a3 Bb7 14. Qg3 g6 15. Bf3 Rad8 16. Rad1 d5 17. Be5 Qc4 18. Qg5 d4 19. Ne2 Bxe4 20. Bxe4 Nxe4 21. Qxe7 Qxe2 22. Rde1 d3 23. Qb4 Qxf1+ 24. Rxf1 d2 25. Rd1 Nf2+ 26. Kg1 Nxd1 27. Bd4 Nc3 0-1

[Event "BRA-ch U18"]
[Site "Juiz de Fora"]
[Date "2019.04.19"]
[Round "3"]
[White "De Paula, Luan Araujo"]
[Black "Valcarcel, Victor Ignacio Sant"]
[Result "0-1"]
[WhiteElo "1863"]
[BlackElo "1825"]
[PlyCount "74"]
[EventDate "2019.04.18"]
[EventType "swiss"]
[EventRounds "6"]
[EventCountry "BRA"]
[SourceTitle "CBM 190 Extra"]
[Source "ChessBase"]
[SourceDate "2019.07.15"]
[SourceVersion "1"]
[SourceVersionDate "2019.07.15"]
[SourceQuality "1"]

1. e4 e6 2. d4 d5 3. exd5 exd5 4. Bd3 Nf6 5. h3 Bd6 6. Nf3 h6 7. 0-0 0-0 8. Re1 Re8 9. Rxe8+ Qxe8 10. Be3 Ne4 11. Nbd2 f5 12. Bxe4 dxe4 13. Ne5 Bxe5 14. dxe5 Nc6 15. f4 Be6 16. c3 Rd8 17. Qe2 Rd3 18. Nb3 Bxb3 19. axb3 b6 20. Rd1 Qd7 21. Rxd3 exd3 22. Qd1 Na5 23. b4 Nc4 24. Bd4 c5 25. Qxd3 Nxb2 26. Qe2 cxd4 27. Qxb2 d3 28. Qd2 Qd5 29. Kf2 a5 30. bxa5 bxa5 31. Ke3 Qe4+ 32. Kf2 a4 33. Qa2+ Kh7 34. e6 Qxf4+ 35. Ke1 Qe3+ 36. Kf1 d2 37. Qb1 Qxe6 0-1

[Event "BRA-ch U18"]
[Site "Juiz de Fora"]
[Date "2019.04.19"]
[Round "2"]
[White "Valcarcel, Victor Ignacio Sant"]
[Black "Ferraz, Michel Liah"]
[Result "1-0"]
[WhiteElo "1825"]
[BlackElo "1582"]
[PlyCount "99"]
[EventDate "2019.04.18"]
[EventType "swiss"]
[EventRounds "6"]
[EventCountry "BRA"]
[SourceTitle "CBM 190 Extra"]
[Source "ChessBase"]
[SourceDate "2019.07.15"]
[SourceVersion "1"]
[SourceVersionDate "2019.07.15"]
[SourceQuality "1"]

1. e4 c5 2. Nf3 Nc6 3. d4 cxd4 4. Nxd4 g6 5. Be3 Bg7 6. c3 Nf6 7. Bd3 0-0 8. Nd2 d5 9. exd5 Nxd5 10. Nxc6 Nxe3 11. Nxd8 Nxd1 12. Rxd1 Rxd8 13. Nc4 Be6 14. Na5 Rd5 15. Nb3 Rad8 16. Be2 Kf8 17. f4 b6 18. Rxd5 Bxd5 19. Kf2 e5 20. Rd1 Ke7 21. fxe5 Bxe5 22. g3 Rd6 23. Bf3 Be6 24. Nd4 Bxd4+ 25. cxd4 Bd5 26. Re1+ Kd7 27. Bxd5 Rxd5 28. Ke3 Ra5 29. a3 h5 30. Rf1 Ke6 31. Rc1 f6 32. Ke4 g5 33. Rc6+ Ke7 34. d5 Rb5 35. b4 a5 36. Kd4 axb4 37. Kc4 Rc5+ 38. Rxc5 bxc5 39. a4 Kd6 40. a5 b3 41. Kxb3 Kxd5 42. a6 Kc6 43. Kc4 f5 44. a7 Kb7 45. Kxc5 f4 46. gxf4 gxf4 47. Kd4 f3 48. Ke3 f2 49. Kxf2 Kxa7 50. Kg3 1-0

[Event "Catalao op 1st"]
[Site "Catalao"]
[Date "2019.02.09"]
[Round "2"]
[White "Valcarcel, Victor Ignacio Sant"]
[Black "Da Silva, Alexsandro Bezerra"]
[Result "1-0"]
[WhiteElo "1858"]
[BlackElo "1800"]
[PlyCount "57"]
[EventDate "2019.02.09"]
[EventType "swiss"]
[EventRounds "5"]
[EventCountry "BRA"]
[SourceTitle "CBM 189 Extra"]
[Source "ChessBase"]
[SourceDate "2019.06.03"]
[SourceVersion "1"]
[SourceVersionDate "2019.06.03"]
[SourceQuality "1"]

1. e4 e6 2. Nc3 g6 3. f4 Bg7 4. d4 b6 5. Nf3 Bb7 6. Bd3 d6 7. Be3 Nd7 8. Qe2 Ne7 9. g4 h6 10. a4 a6 11. Rf1 f5 12. gxf5 exf5 13. e5 Nd5 14. Nxd5 Bxd5 15. Rg1 Qe7 16. Rxg6 Nf8 17. Rg3 dxe5 18. dxe5 Qb4+ 19. c3 Qe7 20. Nd4 Rg8 21. Bxa6 Be4 22. Bc4 Rh8 23. Rd1 0-0-0 24. a5 Bxe5 25. fxe5 Qxe5 26. Ba6+ Kb8 27. Nc6+ Bxc6 28. Rxd8+ Ka7 29. Bxb6+ 1-0